Klasyfikacja medalowa Zimowych Igrzysk Olimpijskich 2026 - Statystyki

Ogólne statystyki
  • Ten quiz został rozwiązany 34 razy
  • Średni wynik to 25 z 29
Statystyki odpowiedzi
Miejsce Reprezentacja Złoto Srebro Brąz Łącznie % Poprawnych
9 Austria 5 8 5 18
100%
12 Chiny 5 4 6 15
100%
1 Norwegia 18 12 11 41
100%
21 Polska 0 3 1 4
100%
2 Stany Zjednoczone 12 12 9 33
100%
8 Szwajcaria 6 9 8 23
100%
4 Włochy 10 6 14 30
100%
10 Japonia 5 7 12 24
97%
23 Finlandia 0 1 5 6
94%
11 Kanada 5 7 9 21
94%
5 Niemcy 8 10 8 26
94%
17 Słowenia 2 1 1 4
94%
7 Szwecja 8 6 4 18
94%
19 Brazylia 1 0 0 1
87%
16 Czechy 2 2 1 5
87%
6 Francja 8 9 6 23
87%
3 Holandia 10 7 3 20
87%
13 Korea Południowa 3 4 3 10
87%
14 Australia 3 2 1 6
84%
18 Hiszpania 1 0 2 3
84%
15 Wielka Brytania 3 1 1 5
84%
29 Belgia 0 0 1 1
77%
25 Dania 0 1 0 1
77%
28 Bułgaria 0 0 2 2
68%
25 Estonia 0 1 0 1
68%
24 Łotwa 0 1 1 2
61%
22 Nowa Zelandia 0 2 1 3
61%
19 Kazachstan 1 0 0 1
55%
25 Gruzja 0 1 0 1
39%
Nie znaleziono quizów pasujących do podanych kryteriów
Rozkład punktacji
Procent ludzi z każdym wynikiem
Percentyl według liczby udzielonych odpowiedzi
Twoja historia wyników
Nie rozwiązałeś tego quizu